LAW AND MEDICINE (Record no. 25765)
[ view plain ]
| 000 -LEADER | |
|---|---|
| fixed length control field | 00312nam a22001457a 4500 |
| 003 - CONTROL NUMBER IDENTIFIER | |
| control field | SGT |
| 020 ## - INTERNATIONAL STANDARD BOOK NUMBER | |
| International Standard Book Number | 9789384961336 |
| 082 ## - DEWEY DECIMAL CLASSIFICATION NUMBER | |
| Classification number | 344.41041 |
| Item number | ADH |
| 100 ## - MAIN ENTRY--PERSONAL NAME | |
| Personal name | ADHIKARI NANDITA |
| 245 ## - TITLE STATEMENT | |
| Title | LAW AND MEDICINE |
| 250 ## - EDITION STATEMENT | |
| Edition statement | 4 |
| 260 ## - PUBLICATION, DISTRIBUTION, ETC. (IMPRINT) | |
| Place of publication, distribution, etc | ALLAHABAD |
| Name of publisher, distributor, etc | CENTRAL LAW AGENCY |
| Year of Publication | 2023 |
| 300 ## - PAGE DESCRIPTION | |
| No. of Pages | 584 |
| 942 ## - ADDED ENTRY ELEMENTS (KOHA) | |
| Source of classification or shelving scheme | Dewey Decimal Classification |
| Koha item type | Books |
| Withdrawn status | Lost status | Source of classification or shelving scheme | Damaged status | Not for loan | Collection code | Home library | Current library | Shelving location | Date acquired | Vendor Name | Cost, normal purchase price | SGTU | Bill Number | Full call number | Accession No. (Barcode) | Date last seen | Bill Date | Koha item type | Total Checkouts | Date last borrowed |
|---|---|---|---|---|---|---|---|---|---|---|---|---|---|---|---|---|---|---|---|---|
| Dewey Decimal Classification | Not For Loan | LAW | SGT Science & Social Sciences Library | SGT Science & Social Sciences Library | Reference Book | 26/02/2024 | COMMERCIAL BOOK HOUSE | 430.00 | SGTU | 2075 | 344.41041 ADH | FL3381 | 26/02/2024 | 06/02/2024 | Books | |||||
| Dewey Decimal Classification | LAW | SGT Science & Social Sciences Library | SGT Science & Social Sciences Library | Text Book | 26/02/2024 | COMMERCIAL BOOK HOUSE | 430.00 | SGTU | 2075 | 344.41041 ADH | FL3382 | 26/02/2024 | 06/02/2024 | Books | ||||||
| Dewey Decimal Classification | LAW | SGT Science & Social Sciences Library | SGT Science & Social Sciences Library | Text Book | 26/02/2024 | COMMERCIAL BOOK HOUSE | 430.00 | SGTU | 2075 | 344.41041 ADH | FL3383 | 26/02/2024 | 06/02/2024 | Books | ||||||
| Dewey Decimal Classification | LAW | SGT Science & Social Sciences Library | SGT Science & Social Sciences Library | Text Book | 26/02/2024 | COMMERCIAL BOOK HOUSE | 430.00 | SGTU | 2075 | 344.41041 ADH | FL3384 | 29/09/2025 | 06/02/2024 | Books | 1 | 17/09/2025 | ||||
| Dewey Decimal Classification | LAW | SGT Science & Social Sciences Library | SGT Science & Social Sciences Library | Text Book | 26/02/2024 | COMMERCIAL BOOK HOUSE | 430.00 | SGTU | 2075 | 344.41041 ADH | FL3385 | 26/02/2024 | 06/02/2024 | Books |